|
|
|
|
| LEADER |
00000nam0a2200000 4500 |
| 001 |
177657 |
| 005 |
20231101223340.0 |
| 010 |
|
|
|a 9785396001619
|
| 035 |
|
|
|a (RuTPU)RU\TPU\book\192625
|
| 090 |
|
|
|a 177657
|
| 100 |
|
|
|a 20100323d2010 k y0rusy50 ca
|
| 101 |
0 |
|
|a rus
|
| 102 |
|
|
|a RU
|
| 105 |
|
|
|a y z 001zy
|
| 200 |
1 |
|
|a Вычислительные методы теории принятия решений
|f Д. Б. Юдин
|
| 205 |
|
|
|a 2-е изд.
|
| 210 |
|
|
|a Москва
|c КРАСАНД
|d 2010
|
| 215 |
|
|
|a 320 с.
|
| 320 |
|
|
|a Библиогр.: с. 308-314.
|
| 330 |
|
|
|a В настоящей монографии рассматриваются экономные вычислительные методы принятия решений. Излагаются необходимые сведения о бинарных отношениях, о функциях выбора и о возможных подходах к оптимизации по бинарному отношению. Приводится обзор эффективных методов линейного и выпуклого программирования, которые могут быть использованы в вычислительных схемах алгоритмов выбора. Излагаются разные версии достаточно универсальной модели — обобщенного математического программирования (ОМП), в которую укладываются многие задачи принятия решений. Разрабатывается и оценивается конструктивная схема анализа и численного решения линейных и выпуклых задач ОМП.
|
| 606 |
1 |
|
|a Принятие решений
|x Математическая теория
|2 stltpush
|3 (RuTPU)RU\TPU\subj\51690
|9 70260
|
| 610 |
1 |
|
|a бинарные отношения
|
| 610 |
1 |
|
|a специальные бинарные отношения
|
| 610 |
1 |
|
|a функции выбора
|
| 610 |
1 |
|
|a рациональный выбор
|
| 610 |
1 |
|
|a индикаторы
|
| 610 |
1 |
|
|a вычислительные методы
|
| 610 |
1 |
|
|a математическое программирование
|
| 610 |
1 |
|
|a порядковые шкалы
|
| 610 |
1 |
|
|a линейное программирование
|
| 610 |
1 |
|
|a выпуклое программирование
|
| 610 |
1 |
|
|a обобщенное программирование
|
| 610 |
1 |
|
|a многокритериальная оптимизация
|
| 610 |
1 |
|
|a многошаговые схемы
|
| 610 |
1 |
|
|a математика
|
| 675 |
|
|
|a 519.81
|v 3
|
| 700 |
|
1 |
|a Юдин
|b Д. Б.
|g Давид Беркович
|
| 801 |
|
1 |
|a RU
|b 63413507
|c 20100323
|
| 801 |
|
2 |
|a RU
|b 63413507
|c 20150508
|g RCR
|
| 942 |
|
|
|c BK
|
| 959 |
|
|
|a 21/20100323
|d 2
|e 0
|f АНЛ:1
|f ЧЗТЛ:1
|